|
|
|
|
| LEADER |
00000nas a2200000 i 4500 |
| 001 |
ssj0001077812 |
| 003 |
WaSeSS |
| 005 |
20200512172242.0 |
| 006 |
m d |
| 007 |
cr n |
| 008 |
131217c20uu9999ii d| n|s|||||| |0eng d |
| 035 |
|
|
|a (WaSeSS)ssj0001077812
|
| 040 |
|
|
|a WaSeSS
|b eng
|c WaSeSS
|d WaSeSS
|
| 043 |
|
|
|a a-ii---
|
| 050 |
1 |
4 |
|a DS486.D3
|
| 130 |
0 |
|
|a Indian patents news (New Delhi, India)
|
| 245 |
1 |
0 |
|a Indian patents news
|h [electronic resource].
|
| 260 |
|
|
|a New Delhi, India :
|b Athena Information Solutions
|
| 310 |
|
|
|a Daily
|
| 506 |
|
|
|a License restrictions may limit access.
|
| 588 |
|
|
|a Description based on: June 10, 2009; title from title screen (ProQuest, viewed Dec. 16, 2013).
|
| 588 |
|
|
|a Latest issue consulted: December 16, 2013 (viewed Dec. 16, 2013).
|
| 651 |
|
0 |
|a New Delhi (India)
|v Newspapers.
|
| 651 |
|
0 |
|a India
|v Newspapers.
|
| 655 |
|
0 |
|a Electronic journals.
|
| 856 |
4 |
0 |
|z Full text available from Research Library: 06/10/2009 to present
|u https://search.proquest.com/publication/55069
|